| 000 | 00701nam a2200217 i 4500 | ||
|---|---|---|---|
| 001 | 95648 | ||
| 003 | ES-MaACL | ||
| 005 | 20230906181739.0 | ||
| 007 | t| | ||
| 008 | 050601s1967 sp ||||1| spa d | ||
| 100 | 1 |
_aLlorente, Juan Antonio. _972907 |
|
| 245 | 1 | 3 |
_aLa Inquisición y los españoles / _cJuan Antonio Llorente ; prólogo y notas de Valentina Fernández Vargas. |
| 260 |
_aMadrid : _bCiencia Nueva, _c1967. |
||
| 300 |
_a275 p. ; _c18 cm. |
||
| 490 | 1 |
_aLos Clasicos ; _v9 |
|
| 650 | 4 |
_aInquisición- _zEspaña. _913798 |
|
| 700 | 1 |
_aFernández Vargas, Valentina. _950147 |
|
| 830 | 0 |
_aLos Clasicos ; _v9 _9184368 |
|
| 852 |
_aES-MaACL _jC-34262 _bR.65272 |
||
| 999 |
_c95648 _d95648 |
||